English literature in the earlier seventeenth century, 1600-1660 / (Record no. 18316)
[ view plain ]
| 000 -LEADER | |
|---|---|
| fixed length control field | 00966nam a22002651 4500 |
| 001 - CONTROL NUMBER | |
| control field | 18316 |
| 003 - CONTROL NUMBER IDENTIFIER | |
| rucl marc code | BD-RjUL |
| 005 - DATE AND TIME OF LATEST TRANSACTION | |
| control field | 20211209000252.0 |
| 008 - FIXED-LENGTH DATA ELEMENTS--GENERAL INFORMATION | |
| fixed length control field | 140220s1959 enk b 000 0 eng c |
| 035 ## - SYSTEM CONTROL NUMBER | |
| System control number | (BD-RjUL)18374 |
| 040 ## - CATALOGING SOURCE | |
| Original cataloging agency | Harvard univ. Library |
| Transcribing agency | DLC |
| Modifying agency | BD-RjUL |
| Language of cataloging | eng |
| 041 ## - LANGUAGE CODE | |
| Language code of text/sound track or separate title | eng |
| 082 ## - DEWEY DECIMAL CLASSIFICATION NUMBER | |
| Classification number | 820.9 |
| Author mark and year | BUE 1959 |
| 100 1# - MAIN ENTRY--PERSONAL NAME | |
| Personal name | Bush, Douglas, |
| Dates associated with a name | 1896-1983. |
| 9 (RLIN) | 55811 |
| 245 10 - TITLE STATEMENT | |
| Title | English literature in the earlier seventeenth century, 1600-1660 / |
| Statement of responsibility, etc. | by Douglas Bush. |
| 260 ## - PUBLICATION, DISTRIBUTION, ETC. (IMPRINT) | |
| Place of publication, distribution, etc. | Oxford : |
| Name of publisher, distributor, etc. | The Clarendon press, |
| Date of publication, distribution, etc. | 1959. |
| 300 ## - PHYSICAL DESCRIPTION | |
| Pagination | vi p., 1 l., 621, [1] p. : |
| Size | 23 cm. |
| 490 0# - SERIES STATEMENT | |
| Series statement | Oxford history of English literature, ed. by F.P. Wilson and Bonamy Dobrée. |
| Volume/sequential designation | [5] |
| 504 ## - BIBLIOGRAPHY, ETC. NOTE | |
| Bibliography, etc | Bibliography: p. [440]-610. |
| 650 #0 - SUBJECT ADDED ENTRY--TOPICAL TERM | |
| Topical term or geographic name as entry element | English literature |
| Chronological subdivision | Early modern, 1500-1700 |
| General subdivision | History and criticism. |
| 9 (RLIN) | 53256 |
| Topical term or geographic name as entry element | English literature |
| Chronological subdivision | Early modern, 1500-1700 |
| Form subdivision | Bibliography. |
| 9 (RLIN) | 56379 |
| 942 ## - ADDED ENTRY ELEMENTS (KOHA) | |
| Source of classification or shelving scheme | Dewey Decimal Classification |
| Koha item type | Books |
| Lost status | Source of classification or shelving scheme | Damaged status | Not for loan | Collection code | Permanent Location | Current Location | Shelving location | Date acquired | Source of acquisition | Cost, normal purchase price | Total Checkouts | Full call number | Date last seen | Copy number | Koha item type |
|---|---|---|---|---|---|---|---|---|---|---|---|---|---|---|---|
| Dewey Decimal Classification | Non-fiction | Central Library, University of Rajshahi | Central Library, University of Rajshahi | 16/11/1967 | Zeittinger | 45.00 | 820.9 BUE 1959 | 20/02/2014 | C-5 | Books | |||||
| Dewey Decimal Classification | Not For Loan | Non-fiction | Central Library, University of Rajshahi | Central Library, University of Rajshahi | Reading Room | 19/01/2020 | 820.9 BUE 1952 | 19/01/2020 | C-1 | Books | |||||
| Dewey Decimal Classification | Non-fiction | Central Library, University of Rajshahi | Central Library, University of Rajshahi | 03/02/2020 | 820.9 BUE 1952 | 03/02/2020 | C-2 | Books |